000 00747nam a2200253 a 4500
001 52797
003 BD-RjUL
005 20211209075848.0
008 131221r19791978enka 001 0 eng d
020 _a0491020384
035 _aOCLC ocm22067321 from D980223M
_a(BD-RjUL)52917
040 _aNYP
_cNYP
_dUKM
_dEQO
_dBD-RjUL
_beng
041 _aeng
082 0 4 _a340.0942
_bPAL 1979
100 1 _aPadfield, Colin F.
_q(Colin Frank)
_912595
245 1 0 _aLaw made simple /
_cC. F. Padfield.
250 _a5th ed.
260 _aLondon :
_bHeinemann,
_cc1978 [Reprint 1979].
300 _axvi, 432 p. ;
_c22 cm.
490 0 _aMade simple books
504 _aIncludes Index.
650 0 _aLaw
_zGreat Britain
_xPopular works.
_912596
942 _2ddc
_cBK
999 _c52797
_d52797